| 000 | 00916nam0a22002891 4500 | ||
|---|---|---|---|
| 001 | v19\rc\1294918 | ||
| 005 | 20250618015404.0 | ||
| 035 | _a(NLR Aleph) 004441723 | ||
| 090 |
_a4411992 _c4411992 |
||
| 100 | _a20060306d1866 |||y0rusy50 ca | ||
| 101 | 0 | _arus | |
| 102 | _aRU | ||
| 105 | _aa z ||||| | ||
| 200 | 1 |
_aРуководство для преподавателей грамотности _fСост. Р. Орбинским |
|
| 205 | _a2-е изд. | ||
| 210 |
_aСанкт-Петербург _cГ.И. Белый _d1866 |
||
| 215 |
_a[4], 87 с., 3 л. ил. _d21 |
||
| 700 | 1 |
_aОрбинский _bР.В. _f1828-1892 _gРоберт Васильевич _4220 |
|
| 801 | 0 |
_aRU _bNLR _gpsbo |
|
| 801 | 0 |
_aRU _bRuMoRGB _2psbo |
|
| 801 | 1 |
_aRU _bProSoft-M _2rusmarc |
|
| 852 |
_aNLR _j18.97.1.38 |
||
| 899 |
_aRuMoRGB _jE 120/471 |
||
| 899 |
_aRuMoRGB _jE 46/558 |
||
| 899 | _aБАН | ||
| 942 | _cBOOK | ||
| 980 | _aNB | ||